Türkiye'de bakliyat üretimindeki sorunların çözümü ve dışa bağımlılığı azaltacak politikaların geliştirilmesi (Record no. 1686)

MARC details
000 -BAŞLIK
Sabit Uzunlukta Kontrol Alanı 00967na a2200301 4500
001 - KONTROL NUMARASI
Denetim Alanı 21947
003 - KONTROL NUMARASI IDENTIFIER
Denetim Alanı MIRAKIL
005 - SON İŞLEM TARİHİ VE ZAMANI
Denetim Alanı 20181213154831.0
008 - SABİT-BOY VERİ ELEMANLARI - GENEL BİLGİLER
Sabit Uzunlukta Kontrol Alanı 170209b tu 000 0
020 ## - ULUSLARARASI STANDART KİTAP NUMARASI
Uluslararası Standart Kitap Numarası 9944600903
040 ## - KATALOGLAMA KAYNAK
Orijinal Kataloglama Ajansı Milas
Kataloglama Dili tur
Metne Dönüştürmek Ajansı TR-AnCHP
041 ## - DİL KODU
Metin / Ses Parça Veya Ayrı Başlığın Dil Kodu tur
082 ## - DEWEY ONLU SINIFLANDIRMA NUMARASI
Sınıflandırma Numarası 641.3
Ürün Numarası G29t 2006
090 ## - SINIFLAMA NUMARASI
Sınıflama Numarası 641.3 G29t 2006
100 ## - ANA GİRİŞ - KİŞİSEL İSİM
Kişisel Ad Gaytancıoğlu, Okan
245 ## - BAŞLIK TABLOSU
Başlık Türkiye'de bakliyat üretimindeki sorunların çözümü ve dışa bağımlılığı azaltacak politikaların geliştirilmesi
Sorumluluk Tablosu, Vb hazırlayanlar Okan Gaytancıoğlu...[ve öte.]
250 ## - EDITION TABLOSU
Baskı Beyanı 2. bs.
260 ## - YAYIN, DAĞITIM, VB
Yayın, Dağıtım, Vb Yeri İstanbul
Yayıncı, Dağıtıcı, Vs Adı İstanbul Ticaret Odası
Yayın, Dağıtım, Vb Tarihi 2006
300 ## - FİZİKSEL TANIM
Kapsam 160 s.
Diğer Fiziksel Ayrıntıları tbl. ; grf.
Boyutlar 23 sm.
490 ## - SERİSİ TABLOSU
Seri Beyanı İstanbul Ticaret Odası Yayınları
Hacim / Ardışık Tanımı 2006-36
504 ## - KAYNAKÇA VB NOT
Kaynakça Vb Notu Kaynakça var.
650 ## - KONU KATMA GİRİŞ - TOPİKAL DÖNEM
Topikal Süreli Veya Coğrafi Ad Giriş Elemanı Bakliyat
Genel Alt Bölümü Üretim
700 ## - KATMA GİRİŞ - KİŞİSEL İSİM
Kişisel Ad İnan, Hakkı
700 ## - KATMA GİRİŞ - KİŞİSEL İSİM
Kişisel Ad Hurma, Harun
700 ## - KATMA GİRİŞ - KİŞİSEL İSİM
Kişisel Ad Demirkol, Celal
710 ## - KATMA GİRİŞ - KURUMSAL ADI
Giriş Elemanı Olarak Kurumsal Ad Veya Yargı Alanı Adı İstanbul Ticaret Odası (İTO)
942 ## - EKLENDİ GİRİŞ ELEMANLARI (KOHA)
Sınıflandırma Veya Raf Düzeni Kaynak
Koha Öğesi Türü Books
999 ## - SİSTEM KONTROL NUMARALARI (KOHA)
Koha Biblionumber 1686
Koha Biblioitemnumber 1686
Holdings
Kalıcı Konum Mevcut Konum Edinme Tarihi Edinim Kaynak Toplam Check-Out'Lar Tam Çağrı Numarası Barkod Tarih Son Görülme İtibaren Geçerli Fiyatlar Koha Öğesi Türü
CHP Kütüphanesi CHP Kütüphanesi 02/09/2017 Bağış   641.3 G29t 2006 012342 02/09/2017 02/09/2017 Books